Perfect Art Education (Record no. 11639)

MARC details
000 -LEADER
fixed length control field 00248nam a22000977a 4500
008 - FIXED-LENGTH DATA ELEMENTS--GENERAL INFORMATION
fixed length control field 190923b ||||| |||| 00| 0 eng d
020 ## - INTERNATIONAL STANDARD BOOK NUMBER
International Standard Book Number 9788182965041
100 ## - MAIN ENTRY--PERSONAL NAME
Personal name Roy Gautam
9 (RLIN) 7342
245 ## - TITLE STATEMENT
Title Perfect Art Education
260 ## - PUBLICATION, DISTRIBUTION, ETC. (IMPRINT)
Place of publication, distribution, etc. New Delhi
Name of publisher, distributor, etc. Arya
Date of publication, distribution, etc. 2019
Holdings
Withdrawn status Lost status Source of classification or shelving scheme Damaged status Koha normalized classification for sorting Not for loan Home library Current library Shelving location Date acquired Total Checkouts Full call number Barcode Date last seen Date last checked out Price effective from Koha item type
    Dewey Decimal Classification   741_000000000000000   Good Samaritan School Library Good Samaritan School Library ART & CRAFT 09/23/2019 1 741 ROY15492 08/29/2025 08/22/2025 09/23/2019 BOOK

Powered by Koha